All Avatar Characters By Screen Time. - Statistics

General Stats
  • This quiz has been taken 15 times
  • The average score is 13 of 20
Answer Stats
Answer Time (Approx.) % Correct
Jake Sully 365 minutes.
91%
Kiri 150 minutes.
91%
Neytiri 230 minutes,
91%
Spider 45 minutes.
91%
Grace Augustine 45 minutes.
82%
Lo'ak 160 minutes.
82%
Neteyam 95 minutes.
82%
Norm Spellman 65 minutes.
82%
Quaritch 140 minutes.
82%
Tuk 90 minutes.
82%
Mo'at 60 minutes.
73%
Ronal 70 minutes.
64%
Tonowari 80 minutes.
64%
Trudy Chacon 50 minutes.
64%
Tsu'tey 35 minutes.
64%
Aonung 35 minutes.
55%
Tsireya 85 minutes.
55%
Eytukan 45 minutes.
36%
Parker Selfridge 50 minutes.
0%
Wainfleet 40 minutes.
0%
No matching quizzes found
Score Distribution
Percent of People with Each Score
Percentile by Number Answered
Your Score History
You have not taken this quiz